STN EN 13486: 2005 (25 8353) [neplatná], Prístroje na zaznamenávanie teploty a teplomery používané pri preprave, skladovaní a distribúcii chladených, zmrazených, hlboko/rýchlo zmrazených potravín a zmrzliny. Pravidelné overovanie
Norma je slovenskou verziou EN 13486: 2001
| Other Authors: | |
|---|---|
| Format: | Book |
| Language: | Slovak English |
| PhysicalDescription: | 16 strán tabuľky 30 cm |
| Published: |
Bratislava
Slovenský ústav technickej normalizácie
2005
|
| Subjects: |
MARC
| LEADER | 00000cam a2200000 a 4500 | ||
|---|---|---|---|
| 001 | vtls009932603 | ||
| 003 | SK-MaSNL | ||
| 005 | 20260302021209.0 | ||
| 008 | 090727s2005 xo a f nu 000 0 slo | ||
| 015 | |a SNBN2017 | ||
| 020 | |c (cen. skup. 11) | ||
| 035 | |a (SVKBBclas03)vtls000220180 | ||
| 040 | |a SNK |b slo |c SNK |e AACR2 | ||
| 041 | 1 | |a slo |h eng | |
| 044 | |a xo |c SK | ||
| 046 | |a m |m 20050601 (účin.) |n 20240301 (zruš.) | ||
| 072 | 7 | |a 536 |x Teplo. Termodynamika |2 konspekt | |
| 072 | 7 | |a 681 |x Presná mechanika a prístroje. Hudobné nástroje |2 konspekt | |
| 072 | 7 | |a 664 |x Potravinársky priemysel |2 konspekt | |
| 080 | |a 536.5 |2 2011 | ||
| 080 | |a 681.2 |2 2011 | ||
| 080 | |a 664.8.037.5 |2 2011 | ||
| 080 | |a 663.674 |2 2011 | ||
| 080 | |a 621.796 |2 2011 | ||
| 080 | |a 005.552.1 |2 2001 | ||
| 080 | |a 006.7/.8 |2 2001 | ||
| 080 | |a (437.6) |2 2001 | ||
| 080 | |a (4) |2 2001 | ||
| 080 | |a (083.74) |2 2001 | ||
| 084 | |a 17.200.20 |2 ICS | ||
| 084 | |a 67.260 |2 ICS | ||
| 130 | 0 | |a STN 25 8353 (STN EN 13486) [neplatná] |9 665164 | |
| 245 | 1 | 0 | |a STN EN 13486: 2005 (25 8353) [neplatná], Prístroje na zaznamenávanie teploty a teplomery používané pri preprave, skladovaní a distribúcii chladených, zmrazených, hlboko/rýchlo zmrazených potravín a zmrzliny. Pravidelné overovanie |
| 246 | 1 | 0 | |a Prístroje na zaznamenávanie teploty a teplomery používané pri preprave, skladovaní a distribúcii chladených, zmrazených, hlboko/rýchlo zmrazených potravín a zmrzliny |
| 246 | 3 | 0 | |a EN 13486: 2001 E |
| 260 | |a Bratislava |b Slovenský ústav technickej normalizácie |c 2005 | ||
| 300 | |a 16 strán |b tabuľky |c 30 cm | ||
| 500 | |a Spracovateľ: JaS s.r.o. Bratislava, Pavol Juhás | ||
| 500 | |a Táto norma od 1.6.2005 nahrádza anglickú verziu STN EN 13486 zo septembra 2004 v celom rozsahu | ||
| 500 | |a Norma je nahradená anglickou verziou normy STN EN 13486 z marca 2024, ktorú nahradila slovenská verzia normy STN EN 13486 z októbra 2024 v celom rozsahu | ||
| 500 | |a Súbežný názov anglicky, nemecky a francúzsky | ||
| 504 | |a Citované normy na strane 2 a bibliografia na strane 13 | ||
| 520 | 8 | |a Norma je slovenskou verziou EN 13486: 2001 | |
| 540 | |a STN vydané na akomkoľvek nosiči sa môžu rozmnožovať a rozširovať iba so súhlasom určenej právnickej osoby |b SÚTN Bratislava |c zákon 264/1999 Z.z. | ||
| 650 | 0 | 7 | |a meranie teploty |2 SNKPH |9 26965 |
| 650 | 0 | 7 | |a mrazené potraviny |2 SNKPH |9 179851 |
| 650 | 0 | 7 | |a teplomery |2 SNKPH |9 17693 |
| 650 | 0 | 7 | |a meracie prístroje |2 SNKPH |9 883 |
| 650 | 0 | 7 | |a zmrzlina |2 SNKPH |9 60195 |
| 650 | 0 | 7 | |a skladovanie |2 SNKPH |9 14941 |
| 650 | 0 | 7 | |a distribúcia tovaru |2 SNKPH |9 79466 |
| 650 | 0 | 7 | |a technické normy a štandardy |z Slovensko |2 SNKPH |9 79594 |
| 650 | 0 | 7 | |a technické normy a štandardy |z krajiny Európskej únie |2 SNKPH |9 289341 |
| 650 | 0 | 7 | |a Temperature measurement |2 SNKPHeng |9 323725 |
| 650 | 0 | 7 | |a Thermometers |2 SNKPHeng |9 355056 |
| 650 | 0 | 7 | |a Measuring instruments |2 SNKPHeng |9 326321 |
| 650 | 0 | 7 | |a Frozen foods |2 SNKPHeng |9 406894 |
| 650 | 0 | 7 | |a Ice creme |2 SNKPHeng |9 333614 |
| 650 | 0 | 7 | |a Storage |2 SNKPHeng |2 SNKPHeng |9 348806 |
| 650 | 0 | 7 | |a Distribution of goods |2 SNKPHeng |9 428949 |
| 655 | 7 | |a normy |2 SNKPH |9 70643 | |
| 700 | 1 | |a Juhás, Pavol, |d 1941- |4 trl | |
| 710 | 2 | |a JaS (Bratislava, Slovensko) |4 stn |9 301861 | |
| 710 | 2 | |a Slovenský ústav technickej normalizácie |4 stn |9 32706 | |
| 958 | |a NB | ||
| 958 | |a OP | ||
| 999 | |c 1027892 |d 1029822 | ||
| 952 | |a SNK |b SNK |y PREZ |7 0 |p 17A0479677 |o snkSTN EN 13486 |i snk2005/15341 |8 0 |0 0 |1 0 |4 0 |d 2005-09-13 |l 0 |r 2026-02-24 13:44:59 |w 2026-02-24 | ||
| 952 | |a SNK |b SNK |y PREZ |7 0 |p 17A0479678 |o snkSTN EN 13486 D1 |i snk2005/15342 |8 0 |0 0 |1 0 |4 0 |d 2005-09-13 |l 0 |r 2026-02-24 13:44:59 |w 2026-02-24 | ||


